000 00325nab a22001097u 4500
008 130520b1982 xxu||||| |||| 00| 0 spa d
041 _aspa
100 1 _aDuquoc, Christian
_93402
245 0 0 _aLa locura de la cruz y lo humano
_cChristian Duquoc
773 0 _tConcilium
_gV.2,1982,págs.251-263
_x0210-1041
_wRev134
942 _cAR
999 _c354848
_d354848